000 00261nam a2200109Ia 4500
008 200302s9999 xx 000 0 und d
100 _aPeter Zumthor
245 _aThinking Architecture 3rd ed
260 _bBirkhauser Verlag Gmbh
260 _c2005
300 _a111
999 _c7277
_d7277